000 00423cam a2200181 4500
001 D8612
008 090401t1982 xxu||||| |||| 00| 0 eng d
035 _a(Sirsi) u14113
041 _aeng
050 _a692.3
100 _aSeeley, Ivor Hugh
245 _aAdvanced building measurement
260 _aLondon
_bMacMillan Press
_c1982
300 _axiv. 150p. 25cm
350 _a7.95
942 _n0
948 _c04/03/1997
999 _c87145
_d87145